[Event "Tenerife-chT Preferente 1617"]
[Site "Tenerife"]
[Date "2017.01.21"]
[Round "4.1"]
[White "Villagran Carrasco, Juan Carlos"]
[Black "Barrio Pareja, Eduardo"]
[Result "0-1"]
[WhiteElo "2139"]
[BlackElo "2119"]
[PlyCount "74"]
[EventDate "2016.12.10"]
[EventType "team-tourn"]
[EventRounds "14"]
[EventCountry "ESP"]
[SourceTitle "CBM 176 Extra"]
[Source "ChessBase"]
[SourceDate "2017.03.02"]
[SourceVersion "1"]
[SourceVersionDate "2017.03.02"]
[SourceQuality "1"]
[WhiteTeam "La Gomera"]
[BlackTeam "Laguna Cotelec"]
[WhiteTeamCountry "ESP"]
[BlackTeamCountry "ESP"]

1. d4 e6 2. Nf3 Nf6 3. e3 b6 4. Nbd2 Bb7 5. Bd3 d5 6. Ne5 Bd6 7. f4 0-0 8. Qf3 c5 9. c3 Ba6 10. Bc2 Qc7 11. Qh3 g6 12. g4 Nc6 13. g5 Nd7 14. Nxd7 Qxd7 15. Nf3 Rac8 16. Qg2 cxd4 17. exd4 Qc7 18. Qd2 f6 19. gxf6 Rxf6 20. Ne5 Rcf8 21. Bd3 Bxd3 22. Qxd3 Bxe5 23. fxe5 Rf3 24. Be3 Qe7 25. h4 Rg3 26. Qd2 Rff3 27. Bg5 Qf8 28. 0-0-0 Rf2 29. Qe1 Qf5 30. Rd2 Rff3 31. Qd1 b5 32. Re1 b4 33. Qa4 bxc3 34. Rc2 Rf1 35. Rce2 Rgg1 36. Qd1 Nxd4 37. Re3 Rxe1 0-1

[Event "Tenerife-chT Preferente 1516"]
[Site "Tenerife"]
[Date "2015.12.12"]
[Round "1.1"]
[White "Barrio Pareja, Eduardo"]
[Black "Castaner Harster, Xavier"]
[Result "0-1"]
[WhiteElo "2092"]
[BlackElo "2137"]
[PlyCount "86"]
[EventDate "2015.12.12"]
[EventType "team-tourn"]
[EventRounds "14"]
[EventCountry "ESP"]
[SourceTitle "CBM 170 Extra"]
[Source "ChessBase"]
[SourceDate "2016.02.25"]
[SourceVersion "1"]
[SourceVersionDate "2016.02.25"]
[SourceQuality "1"]
[WhiteTeam "Laguna Cotelec"]
[BlackTeam "Rey Ahogado"]
[WhiteTeamCountry "ESP"]
[BlackTeamCountry "ESP"]

1. Nf3 Nf6 2. g3 b5 3. Bg2 Bb7 4. 0-0 e6 5. d3 Be7 6. e4 d5 7. e5 Nfd7 8. d4 0-0 9. c3 c5 10. Be3 Nc6 11. Nbd2 b4 12. Nb3 a5 13. Rc1 bxc3 14. bxc3 Ba6 15. Re1 cxd4 16. cxd4 Nb4 17. Bf1 Bxf1 18. Rxf1 Nxa2 19. Ra1 Nb4 20. h4 Qb6 21. Bg5 Bxg5 22. hxg5 Rfc8 23. Kh2 Nc2 24. Rb1 Na3 25. Ra1 Nc2 26. Rb1 Na3 27. Ra1 Nb5 28. Rh1 Nc3 29. Qd3 Ne4 30. Nbd2 Rc3 31. Qe2 Qb2 32. Rab1 Qc2 33. Rb7 Nf8 34. Rhb1 Qd3 35. Qe1 Nxd2 36. Nxd2 Qxd4 37. Qe2 Rd3 38. Qh5 g6 39. Qh6 Rxd2 40. Rxf7 Kxf7 41. Rb7+ Ke8 42. Qg7 Qxf2+ 43. Kh3 Qf5+ 0-1

[Event "Tenerife-chT Preferente"]
[Site "Tenerife"]
[Date "2015.02.28"]
[Round "4.2"]
[White "Rodriguez Perez, Mauro"]
[Black "Barrio Pareja, Eduardo"]
[Result "1/2-1/2"]
[WhiteElo "1938"]
[BlackElo "2092"]
[PlyCount "39"]
[EventDate "2015.01.24"]
[EventType "swiss"]
[EventRounds "14"]
[EventCountry "ESP"]
[SourceTitle "EXT 2024"]
[Source "ChessBase"]
[SourceDate "2023.10.10"]
[SourceVersion "1"]
[SourceVersionDate "2023.10.10"]
[SourceQuality "1"]
[WhiteTeam "Canaris 64"]
[BlackTeam "Laguna Cotelec"]
[WhiteTeamCountry "ESP"]
[BlackTeamCountry "ESP"]

1. d4 d6 2. c4 e5 3. dxe5 dxe5 4. Qxd8+ Kxd8 5. Nf3 f6 6. Nc3 Be6 7. b3 c6 8. Bb2 Nd7 9. 0-0-0 Kc7 10. e3 Nh6 11. h3 Be7 12. Be2 Nb6 13. Rd2 Nf7 14. Rhd1 g5 15. Nh2 h5 16. f4 Bc5 17. Nf1 Raf8 18. fxe5 fxe5 19. Ne4 Bb4 20. Nc3 1/2-1/2

[Event "Tenerife-chT"]
[Site "Tenerife"]
[Date "2013.02.02"]
[Round "3.3"]
[White "Pinto Henriquez, Rodrigo"]
[Black "Barrio Pareja, Eduardo"]
[Result "0-1"]
[WhiteElo "2163"]
[BlackElo "2077"]
[PlyCount "110"]
[EventDate "2013.01.19"]
[EventType "team-tourn"]
[EventRounds "14"]
[EventCountry "ESP"]
[SourceTitle "EXT 2014"]
[Source "ChessBase"]
[SourceDate "2013.11.20"]
[SourceVersion "1"]
[SourceVersionDate "2013.11.20"]
[SourceQuality "1"]
[WhiteTeam "El Sauzal Libreria Barco"]
[BlackTeam "Laguna Cotelec"]
[WhiteTeamCountry "ESP"]
[BlackTeamCountry "ESP"]

1. e4 e6 2. d4 d5 3. Nc3 Bb4 4. e5 c5 5. a3 Bxc3+ 6. bxc3 Ne7 7. Nf3 b6 8. Bb5+ Bd7 9. Bd3 Ba4 10. h4 c4 11. Bf1 Nbc6 12. h5 h6 13. g3 Kd7 14. Bh3 Qg8 15. 0-0 Qh7 16. Ra2 Rag8 17. Nh2 Kc7 18. Re1 Kb7 19. Re2 Nf5 20. Ng4 Re8 21. Qd2 Rhf8 22. Qf4 Nce7 23. Bg2 Ng8 24. Qd2 g6 25. hxg6 Qxg6 26. Ne3 Nxe3 27. Qxe3 h5 28. Qg5 Ne7 29. Bh3 h4 30. Qxh4 Rh8 31. Qg4 Qh7 32. Bg2 Qh2+ 33. Kf1 Reg8 34. Bg5 Nf5 35. Re1 Rh5 36. f4 Nxg3+ 37. Kf2 Ne4+ 38. Rxe4 dxe4 39. Ra1 Bxc2 40. Re1 Kc7 41. Re3 Rh7 42. Qe2 Bd3 43. Rxd3 Rxg5 44. fxg5 Qf4+ 45. Rf3 exf3 46. Qxc4+ Kd8 47. Qc6 fxg2+ 48. Ke2 Qf1+ 49. Kd2 Qf2+ 50. Kd3 Rh3+ 51. Kc4 Qf1+ 52. Kb3 Qb1+ 53. Ka4 Qc2+ 54. Kb5 Qb3+ 55. Ka6 Qd5 0-1

[Event "ESP-ch"]
[Site "El Sauzal"]
[Date "2010.09.04"]
[Round "1"]
[White "Arizmendi Martinez, Julen Luis"]
[Black "Barrio Pareja, Eduardo"]
[Result "1-0"]
[WhiteElo "2551"]
[BlackElo "2049"]
[PlyCount "63"]
[EventDate "2010.09.04"]
[EventType "swiss"]
[EventRounds "9"]
[EventCountry "ESP"]
[SourceTitle "CBM 138 Extra"]
[Source "ChessBase"]
[SourceDate "2010.10.29"]
[SourceVersion "1"]
[SourceVersionDate "2010.10.29"]
[SourceQuality "1"]

1. d4 d6 2. e4 e5 3. Nf3 exd4 4. Nxd4 Nf6 5. Nc3 Be7 6. Nde2 0-0 7. g3 Re8 8. Bg2 Bf8 9. 0-0 Nbd7 10. Re1 Nc5 11. Nd4 g6 12. Bf4 Bg7 13. Qd2 Ng4 14. Bg5 f6 15. Bf4 Qe7 16. Nd5 Qf7 17. Nb5 Ne6 18. Bxd6 cxd6 19. Nxd6 Qf8 20. Nxe8 Qxe8 21. h3 Ne5 22. f4 Nc4 23. Qc3 Qb5 24. f5 Nf8 25. Bf1 Qc5+ 26. Kg2 b5 27. b3 gxf5 28. bxc4 fxe4 29. Qe3 Qxe3 30. Rxe3 f5 31. Rd1 Be6 32. cxb5 1-0

[Event "La Laguna op 4th"]
[Site "La Laguna"]
[Date "2010.04.06"]
[Round "2"]
[White "Barrio Pareja, Eduardo"]
[Black "Barlov, Dragan"]
[Result "0-1"]
[WhiteElo "2093"]
[BlackElo "2487"]
[PlyCount "118"]
[EventDate "2010.04.05"]
[EventType "swiss"]
[EventRounds "9"]
[EventCountry "ESP"]
[SourceTitle "CBM 135 Extra"]
[Source "ChessBase"]
[SourceDate "2010.05.04"]
[SourceVersion "1"]
[SourceVersionDate "2010.05.04"]
[SourceQuality "1"]

1. e4 c5 2. Nf3 e6 3. d4 cxd4 4. Nxd4 a6 5. Bd3 Nf6 6. 0-0 Qc7 7. Qe2 d6 8. c4 g6 9. Kh1 Bg7 10. Nc3 0-0 11. f4 Nbd7 12. Nf3 b6 13. Be3 Bb7 14. Bg1 Nh5 15. Be3 Nc5 16. Rae1 Nxd3 17. Qxd3 Rac8 18. Nd2 Nf6 19. Qe2 Nd7 20. Rc1 Rfe8 21. Qg4 f5 22. Qg3 Nf6 23. exf5 exf5 24. Bd4 Ne4 25. Ndxe4 Bxd4 26. Qd3 Bxc3 27. Nxc3 Qxc4 28. Qxd6 b5 29. a3 Rcd8 30. Qb6 Qc6 31. Qxc6 Bxc6 32. Rcd1 Rxd1 33. Rxd1 a5 34. b4 axb4 35. axb4 Re3 36. Rc1 Rd3 37. Rc2 Rd4 38. Ne2 Rd1+ 39. Ng1 Be4 40. Rb2 Kf7 41. h4 Ke6 42. Kh2 Kd5 43. Nh3 Kc4 44. Nf2 Rd4 45. g4 Kc3 46. Re2 Rxb4 47. Nxe4+ fxe4 48. f5 gxf5 49. gxf5 Kd3 50. f6 Rc4 51. Re1 Rc7 52. Kg3 Rf7 53. Rd1+ Ke2 54. Rd5 Rxf6 55. Rxb5 e3 56. Rd5 Rg6+ 57. Kh2 Kf3 58. h5 Rg7 59. Re5 e2 0-1

[Event "La Laguna op 3rd"]
[Site "La Laguna"]
[Date "2009.05.05"]
[Round "2"]
[White "Barrio Pareja, Eduardo"]
[Black "Sanz Alonso, Francisco Javier"]
[Result "0-1"]
[WhiteElo "2061"]
[BlackElo "2410"]
[PlyCount "74"]
[EventDate "2009.05.04"]
[EventType "swiss"]
[EventRounds "9"]
[EventCountry "ESP"]
[SourceTitle "CBM 130 Extra"]
[Source "ChessBase"]
[SourceDate "2009.07.02"]
[SourceVersion "2"]
[SourceVersionDate "2009.07.15"]
[SourceQuality "1"]

1. e4 e5 2. Nf3 Nc6 3. Bb5 a6 4. Ba4 d6 5. c3 Nf6 6. Bc2 Be7 7. 0-0 0-0 8. Re1 Bg4 9. h3 Bh5 10. d3 d5 11. Nbd2 Bc5 12. Qe2 Re8 13. Nf1 h6 14. g4 Bg6 15. Ng3 d4 16. a3 dxc3 17. bxc3 Nh7 18. Ba4 Qd7 19. Be3 Bxe3 20. Qxe3 Rad8 21. Red1 b5 22. Bb3 Nf6 23. Kg2 Qe7 24. g5 hxg5 25. Qxg5 Nh5 26. Nxh5 Qxg5+ 27. Nxg5 Bxh5 28. h4 Rd6 29. f3 Red8 30. Bc2 Ne7 31. a4 Rc6 32. axb5 axb5 33. c4 Ng6 34. Bb3 Nf4+ 35. Kg3 b4 36. c5 Rxc5 37. Ra4 Ne2+ 0-1

[Event "Las Palmas op"]
[Site "Las Palmas"]
[Date "2009.04.11"]
[Round "8"]
[White "Barrio Pareja, Eduardo"]
[Black "Rodriguez Perez, David Antonio"]
[Result "0-1"]
[WhiteElo "2061"]
[BlackElo "2062"]
[PlyCount "36"]
[EventDate "2009.04.05"]
[EventType "swiss"]
[EventRounds "9"]
[EventCountry "ESP"]
[SourceTitle "CBM 129 Extra"]
[Source "ChessBase"]
[SourceDate "2009.05.05"]
[SourceVersion "2"]
[SourceVersionDate "2009.05.20"]
[SourceQuality "1"]

1. e4 c5 2. Nf3 d6 3. d4 cxd4 4. Nxd4 Nf6 5. Nc3 g6 6. Be3 Bg7 7. f3 Nc6 8. Qd2 0-0 9. 0-0-0 Nxd4 10. Bxd4 Be6 11. g4 Qc7 12. h4 Rfc8 13. h5 Qa5 14. hxg6 hxg6 15. g5 Nh5 16. Bxg7 Kxg7 17. f4 Rxc3 18. bxc3 Qa3+ 0-1

[Event "Las Palmas op"]
[Site "Las Palmas"]
[Date "2009.04.09"]
[Round "5"]
[White "Javakhadze, Zurab"]
[Black "Barrio Pareja, Eduardo"]
[Result "1-0"]
[WhiteElo "2288"]
[BlackElo "2061"]
[PlyCount "65"]
[EventDate "2009.04.05"]
[EventType "swiss"]
[EventRounds "9"]
[EventCountry "ESP"]
[SourceTitle "CBM 129 Extra"]
[Source "ChessBase"]
[SourceDate "2009.05.05"]
[SourceVersion "2"]
[SourceVersionDate "2009.05.20"]
[SourceQuality "1"]

1. Nf3 Nf6 2. c4 g6 3. Nc3 Bg7 4. g3 0-0 5. Bg2 d6 6. 0-0 e5 7. d3 h6 8. Rb1 a5 9. a3 Bg4 10. b4 axb4 11. axb4 Qd7 12. Re1 Bh3 13. Bh1 Na6 14. Ba3 c6 15. Qc1 Ng4 16. Nd2 f5 17. Bf3 Nc7 18. b5 Ne6 19. Bg2 Bxg2 20. Kxg2 h5 21. bxc6 bxc6 22. Bb2 h4 23. Nf3 Bh6 24. e3 hxg3 25. hxg3 Nc5 26. Rd1 f4 27. exf4 exf4 28. Ne4 Nxe4 29. dxe4 Nxf2 30. Qc3 Qh3+ 31. Kxf2 fxg3+ 32. Kg1 Kh7 33. Ng5+ 1-0

[Event "Tenerife op 19th"]
[Site "Tenerife"]
[Date "2009.01.09"]
[Round "6"]
[White "Barrio Pareja, Eduardo"]
[Black "Kraus, Oliver"]
[Result "1-0"]
[WhiteElo "2032"]
[BlackElo "2137"]
[PlyCount "71"]
[EventDate "2008.12.29"]
[EventType "swiss"]
[EventRounds "9"]
[EventCountry "ESP"]
[SourceTitle "CBM 128 Extra"]
[Source "ChessBase"]
[SourceDate "2009.03.05"]
[SourceVersion "2"]
[SourceVersionDate "2009.03.25"]
[SourceQuality "1"]

1. e4 g6 2. d4 Bg7 3. c4 d6 4. Nf3 Bg4 5. Be3 Nc6 6. Be2 e5 7. d5 Bxf3 8. Bxf3 Nce7 9. Be2 f5 10. f3 Nf6 11. Nc3 0-0 12. 0-0 f4 13. Bf2 g5 14. c5 h5 15. cxd6 cxd6 16. Rc1 a6 17. Qb3 g4 18. Qxb7 Ng6 19. Na4 Rf7 20. Qb6 Qd7 21. Qc6 Qd8 22. Bxa6 Kh7 23. b4 Bh6 24. Bb6 Qg8 25. Be2 Nxe4 26. Bd3 Nf6 27. Nc3 Rc8 28. Qxd6 Kh8 29. fxg4 hxg4 30. Ne4 Rxc1 31. Rxc1 Nxe4 32. Bxe4 f3 33. Rf1 fxg2 34. Rf6 Qf8 35. Rxg6 Rf1+ 36. Kxg2 1-0

[Event "Tenerife op 19th"]
[Site "Tenerife"]
[Date "2009.01.08"]
[Round "5"]
[White "Gomez Camacho, Rodolfo"]
[Black "Barrio Pareja, Eduardo"]
[Result "0-1"]
[WhiteElo "2166"]
[BlackElo "2032"]
[PlyCount "52"]
[EventDate "2008.12.29"]
[EventType "swiss"]
[EventRounds "9"]
[EventCountry "ESP"]
[SourceTitle "CBM 128 Extra"]
[Source "ChessBase"]
[SourceDate "2009.03.05"]
[SourceVersion "2"]
[SourceVersionDate "2009.03.25"]
[SourceQuality "1"]

1. d4 Nf6 2. c4 g6 3. Nc3 Bg7 4. e4 d6 5. Be2 0-0 6. Be3 e5 7. d5 c6 8. Qd2 cxd5 9. cxd5 Bd7 10. f3 Nh5 11. g4 Nf4 12. 0-0-0 Qa5 13. Kb1 b5 14. Bxf4 exf4 15. Nxb5 Qb6 16. Nd4 Ba4 17. b3 a5 18. Qb2 Bd7 19. Bc4 Na6 20. Bxa6 Rxa6 21. Nge2 a4 22. Rd2 axb3 23. axb3 Bb5 24. Nc1 Rfa8 25. Kc2 Ra1 26. Kd1 R8a2 0-1

[Event "Tenerife-chT"]
[Site "Tenerife"]
[Date "2006.02.04"]
[Round "2"]
[White "Barrio Pareja, Eduardo"]
[Black "Perez Gutierrez, Nauzet"]
[Result "1/2-1/2"]
[WhiteElo "2043"]
[BlackElo "2012"]
[PlyCount "56"]
[EventDate "2006.01.28"]
[EventType "team"]
[EventRounds "14"]
[EventCountry "ESP"]
[SourceTitle "EXT 2007"]
[Source "ChessBase"]
[SourceDate "2006.11.23"]
[SourceVersion "1"]
[SourceVersionDate "2006.11.23"]
[SourceQuality "1"]

1. e4 e5 2. Nf3 Nf6 3. Nxe5 d6 4. Nf3 Nxe4 5. d4 d5 6. Bd3 Bd6 7. 0-0 0-0 8. c4 c6 9. Nc3 Nxc3 10. bxc3 Bg4 11. cxd5 cxd5 12. h3 Bh5 13. Rb1 Nd7 14. Rb5 Nb6 15. Be2 a6 16. Rb3 Qc7 17. Ba3 Bxa3 18. Rxa3 Rfe8 19. Rb3 Rab8 20. Re1 f6 21. Nd2 Bxe2 22. Rxe2 Nd7 23. Nf1 b5 24. Rxe8+ Rxe8 25. Qh5 Re1 26. Qxd5+ Kf8 27. Qa8+ Kf7 28. Qd5+ Kf8 1/2-1/2

[Event "Las Palmas op"]
[Site "Las Palmas"]
[Date "2005.11.30"]
[Round "7.19"]
[White "Barrio Pareja, Eduardo"]
[Black "Menvielle Laccourreye, Augusto"]
[Result "0-1"]
[WhiteElo "2006"]
[BlackElo "2276"]
[PlyCount "86"]
[EventDate "2005.11.25"]
[EventType "swiss"]
[EventRounds "9"]
[EventCountry "ESP"]
[SourceTitle "CBM 109 Extra"]
[Source "ChessBase"]
[SourceDate "2006.01.03"]
[SourceVersion "2"]
[SourceVersionDate "2006.01.03"]
[SourceQuality "1"]

1. e4 e6 2. d4 d5 3. exd5 exd5 4. Nf3 Bd6 5. Bd3 Bg4 6. h3 Bh5 7. 0-0 Ne7 8. Re1 Nbc6 9. c3 Qd7 10. Nbd2 0-0-0 11. b4 Rde8 12. Nb3 Bg6 13. b5 Nd8 14. Nc5 Bxc5 15. dxc5 Bxd3 16. Qxd3 Ng6 17. Bd2 Rxe1+ 18. Rxe1 Ne6 19. Be3 c6 20. a4 Re8 21. g3 Kd8 22. h4 f6 23. c4 dxc4 24. Qxc4 Kc8 25. b6 a6 26. h5 Ne5 27. Nxe5 fxe5 28. Qe4 h6 29. f3 Qd5 30. Qg4 Re7 31. Bf2 Kd8 32. f4 Nd4 33. Rd1 Rd7 34. Bxd4 exd4 35. Re1 Qf7 36. f5 d3 37. Qf4 Kc8 38. Rd1 Qd5 39. Qe3 Qxf5 40. Rf1 Qxf1+ 41. Kxf1 d2 42. Qe8+ Rd8 43. Qe6+ Kb8 0-1

[Event "Las Palmas op"]
[Site "Las Palmas"]
[Date "2005.11.28"]
[Round "5.21"]
[White "Barrio Pareja, Eduardo"]
[Black "Gonzalez Intelangelo, Gerardo"]
[Result "1-0"]
[WhiteElo "2006"]
[BlackElo "2203"]
[PlyCount "81"]
[EventDate "2005.11.25"]
[EventType "swiss"]
[EventRounds "9"]
[EventCountry "ESP"]
[SourceTitle "CBM 109 Extra"]
[Source "ChessBase"]
[SourceDate "2006.01.03"]
[SourceVersion "2"]
[SourceVersionDate "2006.01.03"]
[SourceQuality "1"]

1. e4 d5 2. exd5 Qxd5 3. Nf3 Nf6 4. d4 c6 5. c4 Qa5+ 6. Nc3 Bf5 7. Bd3 e6 8. 0-0 Nbd7 9. Bf4 Be7 10. a3 Bxd3 11. Qxd3 0-0 12. Rfe1 Rfe8 13. h3 Qh5 14. Rad1 Rad8 15. Bc7 Rc8 16. Bg3 Rcd8 17. Ne2 Qa5 18. b4 Qa6 19. Nf4 Bf8 20. Ne5 Nxe5 21. Rxe5 b6 22. Bh4 Be7 23. Ne2 Nd7 24. Rh5 g6 25. Bxe7 Rxe7 26. Rg5 Kg7 27. h4 h6 28. Rg3 Ne5 29. Qe4 Nxc4 30. h5 g5 31. Qxc6 Rd6 32. Qf3 Qb7 33. Qb3 b5 34. f4 f6 35. fxg5 hxg5 36. Qc2 Kf8 37. Qg6 Rf7 38. Rf1 Qe7 39. h6 f5 40. Rxg5 Qf6 41. h7 1-0

[Event "Las Palmas op"]
[Site "Las Palmas"]
[Date "2005.11.27"]
[Round "4.25"]
[White "Lopez Colon, Francisco"]
[Black "Barrio Pareja, Eduardo"]
[Result "1/2-1/2"]
[WhiteElo "2226"]
[BlackElo "2006"]
[PlyCount "173"]
[EventDate "2005.11.25"]
[EventType "swiss"]
[EventRounds "9"]
[EventCountry "ESP"]
[SourceTitle "CBM 109 Extra"]
[Source "ChessBase"]
[SourceDate "2006.01.03"]
[SourceVersion "2"]
[SourceVersionDate "2006.01.03"]
[SourceQuality "1"]

1. d4 Nf6 2. c4 g6 3. Nc3 Bg7 4. e4 d6 5. Be2 0-0 6. Bg5 c6 7. Qd2 a6 8. Bh6 b5 9. Bxg7 Kxg7 10. a3 Nbd7 11. Nf3 e5 12. Rd1 Bb7 13. b4 bxc4 14. dxe5 dxe5 15. Bxc4 c5 16. Qe2 cxb4 17. axb4 Qc7 18. Nd5 Bxd5 19. Bxd5 Rab8 20. Qd2 Nxd5 21. Qxd5 Nf6 22. Qxe5 Qxe5 23. Nxe5 Rfe8 24. Nd3 Rxe4+ 25. Kd2 Nd5 26. Ra1 Nxb4 27. Nxb4 Rexb4 28. Rhc1 R8b6 29. Rc2 h5 30. Ke3 g5 31. Ra5 Kg6 32. Rac5 f6 33. Rc8 Re6+ 34. Kd3 Rbb6 35. Kd2 Red6+ 36. Ke2 Re6+ 37. Kd2 a5 38. R8c5 a4 39. R5c4 Red6+ 40. Kc1 a3 41. R4c3 Ra6 42. Ra2 Rdc6 43. Raxa3 Rxc3+ 44. Rxc3 Ra1+ 45. Kd2 Rg1 46. g3 Rg2 47. Ke3 Rxh2 48. Rc1 h4 49. Kf3 Kh5 50. gxh4 Rxh4 51. Rc8 Rf4+ 52. Kg3 Kg6 53. Rc5 Rf5 54. Rc8 Ra5 55. Rc3 Kf5 56. Rc4 Ra3+ 57. Kg2 g4 58. Rc5+ Kg6 59. Rc8 f5 60. Rc4 Kg5 61. Rc5 Ra4 62. Rb5 Kf4 63. Rb3 Re4 64. Ra3 Re5 65. Ra8 Re2 66. Ra4+ Kg5 67. Ra5 Rd2 68. Kg3 Rd3+ 69. Kg2 Kf4 70. Ra4+ Ke5 71. Ra5+ Rd5 72. Ra8 Rd6 73. Ra5+ Kf6 74. Rb5 f4 75. Kg1 Kg6 76. Ra5 Rf6 77. Kg2 Rf5 78. Ra8 Rh5 79. Rf8 Kg5 80. Rg8+ Kf5 81. Rf8+ Ke4 82. Re8+ Re5 83. Rg8 Kf5 84. Rf8+ Kg5 85. Rg8+ Kh4 86. Rh8+ Rh5 87. Rg8 1/2-1/2

[Event "Las Palmas op"]
[Site "Las Palmas"]
[Date "2005.11.26"]
[Round "3.19"]
[White "Barrio Pareja, Eduardo"]
[Black "Vega Gutierrez, Sabrina Neide"]
[Result "1/2-1/2"]
[WhiteElo "2006"]
[BlackElo "2205"]
[PlyCount "61"]
[EventDate "2005.11.25"]
[EventType "swiss"]
[EventRounds "9"]
[EventCountry "ESP"]
[SourceTitle "CBM 109 Extra"]
[Source "ChessBase"]
[SourceDate "2006.01.03"]
[SourceVersion "2"]
[SourceVersionDate "2006.01.03"]
[SourceQuality "1"]

1. e4 d6 2. d4 Nf6 3. Nc3 e5 4. dxe5 dxe5 5. Qxd8+ Kxd8 6. Bd2 Be6 7. Nf3 Nbd7 8. 0-0-0 Bc5 9. Be1 Ng4 10. h3 Nxf2 11. Bxf2 Bxf2 12. Nxe5 Kc8 13. Nxd7 Bxd7 14. Bc4 f6 15. Rhf1 Be3+ 16. Kb1 Re8 17. Rd3 Bc5 18. g4 h6 19. Bf7 Re7 20. Bg6 c6 21. e5 Kc7 22. exf6 Rf8 23. Ne4 Bb6 24. c3 Be8 25. Bxe8 Rexe8 26. Ng3 Rxf6 27. Rxf6 gxf6 28. Nh5 Re3 29. Rxe3 Bxe3 30. Nxf6 Kd6 31. Kc2 1/2-1/2